Statistics for Stephen King Books

Click here to take the quiz!

General Stats

  • This quiz has been taken 86 times
  • The average score is 8 of 15

Answer Stats

HintAnswer% Correct
DogCujo
90%
PromCarrie
89%
Overlook HotelThe Shining
89%
CarChristine
88%
A town trappedUnder the dome
65%
The Shining sequelDoctor Sleep
60%
Can't sleepInsomnia
60%
JFK11/22/63
54%
Cemetery for animalsPet Sematary
50%
A child preacherChildren of the Corn
40%
Drug experiments gone badFirestarter
39%
Psychological thriller in the woodsThe Girl Who Loved Tom Gordon
34%
Thad Beaumont and George StarkThe Dark Half
33%
Screenplay with an epic stormStorm of the Century
29%
Novella made into movie with Morgan FreemanRita Hayworth and Shawshank Redemption
15%

Score Distribution

Percentile by Number Answered

Percent of People with Each Score

Your Score History

You have not taken this quiz